České polky 1 Karel Vacek

Uložené v:
Podrobná bibliografia
Hlavný autor: Houska, Miroslav (Adapter)
Médium: Kniha
Jazyk:Czech
Vydané: Praha : Supraphon, 1981.
Vydanie:1. vyd.
Edícia:Dechová hudba 477
ISBN: (brož.)
Fyzický popis: nestr.
Tagy: Pridať tag
Žiadne tagy, Buďte prvý kto otaguje tento záznam!

MARC

LEADER 00000nam a2200000 a 4500
001 000204792
005 20090917182126.0
008 040101s1981 xr e czeo
020 |a (brož.) 
040 |a SVKKK  |b slo  |c SVKKK  |e AACR2 
041 0 |a cze 
043 |a e-xo--- 
044 |a xr  |c CZ 
245 0 0 |a České polky  |h hudobnina  |n 1  |p Karel Vacek  |c uprav. Miroslav Houska. 
250 |a 1. vyd. 
260 |a Praha :  |b Supraphon,  |c 1981. 
300 |a nestr. 
490 1 |a Dechová hudba  |v 477 
700 1 |a Houska, Miroslav  |4 adp 
830 0 |a Dechová hudba  |v 477 
910 |a svkkk 
998 |a BK 
090 |g SCKHL  |k Sklad Hlavná 10 suterén  |a I.53422  |j 651608  |i 2720690168  |s Povinný výt.